| 000 | 00526nam a2200181Ia 4500 | ||
|---|---|---|---|
| 999 |
_c32466 _d32466 |
||
| 003 | OSt | ||
| 005 | 20200805130909.0 | ||
| 008 | 190216s9999||||xx |||||||||||||| ||und|| | ||
| 020 | _a9788173194306 | ||
| 040 | _coclc | ||
| 082 |
_a515.42 _bRAN/I |
||
| 100 |
_aRana, Inder K _93880 |
||
| 245 | 3 |
_aAn Introduction To Measure And Integration / _cInder K Rana |
|
| 250 | _a2nd Ed. | ||
| 260 |
_bNarosa Pubs House, _c1999. _aNew Delhi: |
||
| 300 | _a424p | ||
| 942 |
_cBK _2ddc _h515.42 _iRAN/I _k515.42 _mRAN/I |
||